Color theory for dummies / by Eric Hibit. (Record no. 20246)
| 000 -LEADER | |
|---|---|
| fixed length control field | 01825cam a2200217 i 4500 |
| 020 ## - INTERNATIONAL STANDARD BOOK NUMBER | |
| ISBN | 9781119892274 |
| 082 04 - DEWEY DECIMAL CLASSIFICATION NUMBER | |
| Classification number | 535.6 |
| Item number | H6249 2022 |
| 100 1# - MAIN ENTRY--AUTHOR NAME | |
| Personal name | Hibit, Eric, author. |
| 245 10 - TITLE STATEMENT | |
| Title | Color theory for dummies / by Eric Hibit. |
| 260 ## - PUBLICATION, DISTRIBUTION, ETC. (IMPRINT) | |
| Place of publication | Hoboken, NJ : |
| Name of publisher | Wiley, |
| Year of publication | ©2022. |
| 300 ## - PHYSICAL DESCRIPTION | |
| Number of Pages | xii, 270 pages : |
| Other physical details | illustrations (chiefly color) ; 24 cm. |
| 500 ## - GENERAL NOTE | |
| General note | Includes index. |
| 500 ## - GENERAL NOTE | |
| General note | "Learning made easy" -- Cover |
| 500 ## - GENERAL NOTE | |
| General note | "Explore the careers of colorful professionals ; experiment with interactive worksheets and swatches ; learn strategies to work with color creatively" -- Cover |
| 520 ## - SUMMARY, ETC. | |
| Summary, etc | "Choose the right colors and color combinations for your projects Color theory is the art and science of using color. Color Theory For Dummies explains, in simple terms, how colors relate to one another and how they can be combined to work together in an aesthetically pleasing way. An understanding of color theory can help you create art, decorate your home, design a beautiful wedding, and impress your friends at parties. With this book, you'll learn how humans perceive color, how colors harmonize or clash with each other, and how you can apply these principles in your life and work to add a little, well, color to things. Discover the history and science behind how we see colors Understand how colors mix, match, and contrast so you can create better color combinations Learn how certain colors have the ability to affect how we feel and think Apply color theory to design, art, décor, photography, and beyond Color Theory For Dummies simplifies and illuminates the world of color theory, outlining and defining color in a digestible and applicable way." -- |
| 650 #0 - SUBJECT ADDED ENTRY--TOPICAL TERM | |
| Topical Term | Color. |
| 650 #0 - SUBJECT ADDED ENTRY--TOPICAL TERM | |
| Topical Term | Color in design. |
| 650 #0 - SUBJECT ADDED ENTRY--TOPICAL TERM | |
| Topical Term | Color in art. |
| 650 #0 - SUBJECT ADDED ENTRY--TOPICAL TERM | |
| Topical Term | Color -- Psychological aspects. |
| 942 ## - ADDED ENTRY ELEMENTS (KOHA) | |
| Koha item type | Books |
| Source of acquisition | Permanent Location | Date acquired | Koha item type | Collection code | Accession Number | Lost status | Shelving location | Withdrawn status | Current Location | Full call number |
|---|---|---|---|---|---|---|---|---|---|---|
| School | Cagayan State University - Carig Library | 2025-02-18 | Books | Pure Sciences | 010609 | General Collection | Cagayan State University - Carig Library | 535.6 H6249 2022 | ||
| School | Cagayan State University - Carig Library | 2025-02-18 | Books | Pure Sciences | 010610 | General Collection | Cagayan State University - Carig Library | 535.6 H6249 2022 |